ARRUPE JESUIT UNIVERSITY

CORONAVIRUS -STOP THE SPREAD - CLEAN,DISINFECT,COVER

Introducing feminist cultural hermeneutics : (Record no. 118921)

MARC details
000 -LEADER
fixed length control field 01242cam a2200337 a 4500
001 - CONTROL NUMBER
control field 4526438
003 - CONTROL NUMBER IDENTIFIER
control field ARRUPE
005 - DATE AND TIME OF LATEST TRANSACTION
control field 20140425020008.0
008 - FIXED-LENGTH DATA ELEMENTS--GENERAL INFORMATION
fixed length control field 030415s2002 ohu b 001 0 eng d
020 ## - INTERNATIONAL STANDARD BOOK NUMBER
International Standard Book Number 0826460542
035 ## - SYSTEM CONTROL NUMBER
System control number (OCoLC)51202604
035 ## - SYSTEM CONTROL NUMBER
System control number (OCoLC)ocm51202604
035 ## - SYSTEM CONTROL NUMBER
System control number (NNC)4526438
040 ## - CATALOGING SOURCE
Original cataloging agency GGB
Transcribing agency GGB
Modifying agency DAY
050 ## - LIBRARY OF CONGRESS CALL NUMBER
Classification number BS475.2.K16 2002
090 ## - LOCALLY ASSIGNED LC-TYPE CALL NUMBER (OCLC); LOCAL CALL NUMBER (OCLC)
Classification number (OCLC) (R) ; Classification number, CALL (RLIN) (NR) BT83.9
Local cutter number (OCLC) ; Book number/undivided call number, CALL (RLIN) .K36 2002
300 ## - PHYSICAL DESCRIPTION
Dimensions 24 cm
100 1# - MAIN ENTRY--PERSONAL NAME
Personal name Kanyoro, Rachel Angogo,
Dates associated with a name 1953-
9 (RLIN) 4636
245 10 - TITLE STATEMENT
Title Introducing feminist cultural hermeneutics :
Remainder of title an African perspective /
Statement of responsibility, etc Musimbi R.A. Kanyoro
246 30 - VARYING FORM OF TITLE
Title proper/short title Feminist cultural hermeneutics
260 ## - PUBLICATION, DISTRIBUTION, ETC. (IMPRINT)
Place of publication, distribution, etc Cleveland, Ohio :
Name of publisher, distributor, etc Pilgrim Press,
Date of publication, distribution, etc 2002
300 ## - PHYSICAL DESCRIPTION
Extent viii, 99, [3] p. ;
490 1# - SERIES STATEMENT
Series statement Introductions in feminist theology
500 ## - GENERAL NOTE
General note Originally written as a dissertation for the Feminist Doctor of Ministry Programme at San Francisco Theological Seminary, San Anselmo, California in 1998
504 ## - BIBLIOGRAPHY, ETC. NOTE
Bibliography, etc Includes bibliographical references (p. [95]-99) and indexes
630 00 - SUBJECT ADDED ENTRY--UNIFORM TITLE
Uniform title Bible
General subdivision Hermeneutics.
9 (RLIN) 4637
650 #0 - SUBJECT ADDED ENTRY--TOPICAL TERM
Topical term or geographic name as entry element Womanist theology.
9 (RLIN) 4638
650 #0 - SUBJECT ADDED ENTRY--TOPICAL TERM
Topical term or geographic name as entry element Bible and feminism.
9 (RLIN) 4639
830 #0 - SERIES ADDED ENTRY--UNIFORM TITLE
Uniform title Introductions in feminist theology.
9 (RLIN) 4640
942 ## - ADDED ENTRY ELEMENTS (KOHA)
Source of classification or shelving scheme Library of Congress Classification
Koha item type Monograph ( Printed materials)
Koha issues (borrowed), all copies 4
Holdings
Withdrawn status Lost status Source of classification or shelving scheme Damaged status Not for loan Home library Current library Shelving location Date acquired Total Checkouts Full call number Barcode Date last seen Date checked out Price effective from Koha item type
    Library of Congress Classification     ARRUPE LIBRARY ARRUPE LIBRARY Main Collection 31/01/2014 5 BS475.2.K16 2002 464123628 20/05/2021 06/05/2021 31/01/2014 Monograph ( Printed materials)

 

Arrupe Library. PO Box MP320 Mt Pleasant, Harare, Zimbabwe
263 242 745411|librarian@aju.ac.zw